000 00724cam a22002053a 4500
001 45323
003 PGUSA
005 20140828084039.0
008 140405s2014||||xxu|||||s|||||000 | eng d
040 _aPGUSA
_beng
042 _adc
100 1 _aDussieux, Louis
245 1 0 _aL'Histoire de France racontée par les Contemporains (Tome 4/4) :
_bExtraits des Chroniques, des Mémoires et des Documents originaux, avec des sommaires et des résumés chronologiques
_h[electronic resource] /
_cLouis Dussieux
260 _bProject Gutenberg,
_c2014
506 _aPublic domain in the USA.
516 _aElectronic text
830 0 _aProject Gutenberg
_v45323
856 4 0 _uhttp://www.gutenberg.org/ebooks/45323
942 _cEB
999 _c274574
_d274574